| 000 | 00348nam a2200133 i 4500 | ||
|---|---|---|---|
| 001 | bg | ||
| 100 | 1 | _aPOLLO, Iwo | |
| 245 | 0 |
_aNauka i szkolnictwo wyższe w Polsce a odzyskanie niepodległości w 1918 roku / _cI. Pollo. |
|
| 260 |
_aLublin, _c1990. |
||
| 040 | _cBPK | ||
| 041 | _apol | ||
| 942 | _cKS | ||
| 008 | s pl f |000 0 pol | ||
| 999 |
_c29511 _d29511 |
||
| 856 |
_uhttp://koha.tu.koszalin.pl/cgi-bin/koha/opac-detail.pl?biblionumber=29511 _yKatalog online BPK |
||